000 00922cam a22002897a 4500
003 CHAP
005 20220329133155.0
008 971013s1989 r 00010 d
010 _a2993
011 _a3965
035 _a3166
040 _cCHAP
090 _aFolleto 12925
110 _aRedondo Arámburo, Alfredo
_995396
245 0 _aManual de edafología general
260 _aCuliacán, Sin :
_bUniversidad Autónoma de Sinaloa. Escuela Superior de Agricultura,
_c1989
300 _a55 p
590 _aBATCH-UPD
_b10
_c20130110
_lUCH01
_h1513
590 _aCONVERSION
_b10
_c20130109
_lUCH01
_h1303
650 1 4 _aSuelos.
_9110191
650 1 4 _aSuelos
_xManuales de laboratorio.
_9110426
901 _aBK
942 _cFOLL
949 _aFolleto 12925
_bBC
_cFOLL
_d-12677
_eTS1
_i3166
_si
949 _aFolleto 12925
_bBC
_cFOLL
_d-75346
_eTS2
_fc.2
_i3166
_si
949 _aFolleto 12925
_bBC
_cFOLL
_d-75347
_eTS2
_fc.3
_i3166
_si
999 _c2993
_d2993